Velázquez, 1599-1660 /
Hechos salientes de su vida. La captación del espíritu psicológico. Líneas y ritmo. Lo "feo" en la percepción de la realidad.
Guardado en:
| Autor Principal: | |
|---|---|
| Formato: | |
| Series: | Colecciones del Museo del Prado
|
| Materias: | |
| Etiquetas: |
Agregar Etiqueta
Sin Etiquetas, Sea el primero en etiquetar este registro!
|
| LEADER | 00868ngm a22002535g 4500 | ||
|---|---|---|---|
| 001 | CEM.cems021465 | ||
| 008 | 130507b1992##################0###0#####d | ||
| 005 | 20240826144809.0 | ||
| 245 | 1 | 0 | |a Velázquez, 1599-1660 / |c Efe Tv |
| 300 | |a 35 | ||
| 490 | 0 | |a Colecciones del Museo del Prado | |
| 500 | |a En soporte VHS, consultar en ventanilla. | ||
| 520 | |a Hechos salientes de su vida. La captación del espíritu psicológico. Líneas y ritmo. Lo "feo" en la percepción de la realidad. | ||
| 538 | |a Soporte: VHS - Norma: Pal N - Color - Intercambio Drd 1992 - Hitachi=4666 | ||
| 100 | 1 | |a Efe Tv | |
| 082 | 7 | 5 | |/ COL |
| 653 | |a ARTE | ||
| 653 | |a PINTURA ESPAÑOLA | ||
| 653 | |a PINTURA | ||
| 653 | |a VELAZQUEZ | ||
| 653 | |a ESPAÑA | ||
| 653 | |a ESPAÑA-ARTE | ||
| 653 | |a NIVEL SECUNDARIO | ||
| 859 | |a CEMS |b BIB. CEMS - Depto. Recursos Didacticos |h 759 |i COL |k DRD |p 108.12 |t Ej.1 | ||
